000 00532nam a2200169 4500
001 139525
003 ES-MaACL
005 20230906195830.0
007 t|
008 070214s1972 sp r ||||1| spa d
100 1 _aSaura Mira, F.
_9104003
245 1 0 _aAlcantarilla
_b: tradición e historia /
_cF. Saura Mira.
260 _aAlcantarilla (Murcia) :
_bAyuntamiento de Murcia,
_c1972.
300 _a54 p., 13 lám. :
_bil. ;
_c21 cm +
_e1 map.
710 2 _aMurcia.
_bAyuntamiento.
_95793
852 _aES-MaACL
_jC-43746
_bR.82722
999 _c139525
_d139525